[Event "Cergy Pontoise op 2nd"]
[Site "Cergy Pontoise"]
[Date "2004.05.15"]
[Round "2"]
[White "Baron, Thierry"]
[Black "Diaf, Farid"]
[Result "1-0"]
[WhiteElo "2106"]
[BlackElo "1660"]
[PlyCount "91"]
[EventDate "2004.05.15"]
[EventType "swiss"]
[EventRounds "10"]
[EventCountry "FRA"]
[SourceTitle "CBM 100 Extra"]
[Source "ChessBase"]
[SourceDate "2004.07.06"]
[SourceVersion "2"]
[SourceVersionDate "2004.07.06"]
[SourceQuality "1"]

1. e4 e5 2. Nf3 Nc6 3. d4 d6 4. Bc4 Bg4 5. h3 Bxf3 6. Qxf3 Nf6 7. d5 Nd4 8. Qd3 Qd7 9. a4 c6 10. c3 cxd5 11. exd5 Qf5 12. cxd4 Qxd3 13. Bxd3 Nxd5 14. Bd2 Nc7 15. Nc3 Be7 16. Nb5 Nxb5 17. Bxb5+ Kd8 18. dxe5 dxe5 19. 0-0 Bc5 20. Be3 Bd4 21. Bxd4 exd4 22. Rfd1 Rc8 23. Rxd4+ Kc7 24. Rd7+ Kb8 25. Re1 Rc7 26. Rxc7 Kxc7 27. Re7+ Kb6 28. Rxf7 Rg8 29. b4 a6 30. Be2 Re8 31. Bf3 Rb8 32. Rf5 g6 33. a5+ Ka7 34. Rf7 h5 35. h4 Ka8 36. Kf1 Ka7 37. Ke2 Ka8 38. Kd3 Ka7 39. Kd4 Rd8+ 40. Kc5 Rc8+ 41. Kd6 Rb8 42. Rc7 Rd8+ 43. Kc5 Rb8 44. g3 Ka8 45. Kb6 g5 46. hxg5 1-0